Central Library OPAC University of Rajshahi

The theory of judgement in the philosophies of F.H. Bradley and John Cook Wilson / (Record no. 63043)

MARC details
000 -LEADER
fixed length control field 00601nam a2200205 a 4500
001 - CONTROL NUMBER
control field 63043
003 - CONTROL NUMBER IDENTIFIER
rucl marc code BD-RjUL
005 - DATE AND TIME OF LATEST TRANSACTION
control field 20211209081144.0
008 - FIXED-LENGTH DATA ELEMENTS--GENERAL INFORMATION
fixed length control field 170128s1955 bg |||| |||| 00| 0 eng d
035 ## - SYSTEM CONTROL NUMBER
System control number (BD-RjUL) 63171
040 ## - CATALOGING SOURCE
Original cataloging agency BD-RjUL
Language of cataloging eng
Transcribing agency BD-RjUL
041 ## - LANGUAGE CODE
Language code of text/sound track or separate title eng
082 ## - DEWEY DECIMAL CLASSIFICATION NUMBER
Edition number 23
Classification number 826
Author mark and year AHT 1955
100 ## - MAIN ENTRY--PERSONAL NAME
Personal name Ahmed, M.
9 (RLIN) 187545
245 14 - TITLE STATEMENT
Title The theory of judgement in the philosophies of F.H. Bradley and John Cook Wilson /
Statement of responsibility, etc. M. Ahmed
260 ## - PUBLICATION, DISTRIBUTION, ETC. (IMPRINT)
Place of publication, distribution, etc. Dacca :
Name of publisher, distributor, etc. The University Of Dacca,
Date of publication, distribution, etc. 1955
300 ## - PHYSICAL DESCRIPTION
Pagination ii, 295 p. ;
Size 22 cm.
650 ## - SUBJECT ADDED ENTRY--TOPICAL TERM
Topical term or geographic name as entry element English Letters.
9 (RLIN) 187546
942 ## - ADDED ENTRY ELEMENTS (KOHA)
Source of classification or shelving scheme Dewey Decimal Classification
Koha item type Books
Holdings
Lost status Source of classification or shelving scheme Damaged status Not for loan Collection code Permanent Location Current Location Shelving location Date acquired Source of acquisition Cost, normal purchase price Total Checkouts Full call number Date last seen Copy number Koha item type
  Dewey Decimal Classification   Not For Loan Non-fiction Central Library, University of Rajshahi Central Library, University of Rajshahi Reading Room 22/02/1958 University Of Dhaka 10.00   826 AHT 1955 28/01/2017 C-1 Books